«Олимпик Марсель» - Армагеддон - Statistics

General Stats
  • This quiz has been taken 5 times
  • The average score is 8 of 50
Answers on the Grid
Answers color-coded by a green-red scale on the quiz's grid according to % correct below.
Бенжамен Павар
Ансу Фати
Тьерри Анри
Шабани Нонда
Тимоти Веа
Жан-Пьер Папен
Эрик Дайер
Дидье Дешам
Такуми Минамино
Джордж Веа
Энцо Франческоли
Поль Погба
Марсель Десайи
Серхио Бускетс
Абеди Пеле
Робер Пирес
Уго Льорис
Жорди Альба
Кингсли Коман
Эрик Кантона
Садио Мане
Лоран Блан
Вилли Саньоль
Блез Матюиди
Кристоф Дюгарри
Адиль Рами
Стив Манданда
Ален Бокшич
Крис Уоддл
Франк Рибери
Грегори Купе
Джордан Айю
Мигель Альмирон
Лионель Месси
Ирвинг Лосано
Бенжамен Менди
Миши Батшуайи
Диогу Гонсалвеш
Эмерик Ляпорт
Джои Бартон
Руди Фёллер
Сесар Аспиликуэта
Драган Стойкович
Брэд Гузан
Алексей Миранчук
Лоик Реми
Филипп Мексес
Сулейман Дьявара
Патрик Виейра
Андре-Пьер Жиньяк
Фабьен Бартез
Оливье Жиру
Джонатан Дэвид
Одсонн Эдуар
Фабрицио Раванелли
Бакари Санья
Вильям Галлас
Фабио Челестини
Килиан Мбаппе
Жан Тигана
Насер Шадли
Жоау Моутинью
Хатем Бен Арфа
Макс Градель
Будевейн Зенден
Курт Зума
Жан Джоркаефф
Радамель Фалькао
Бенуа Шейру
Сон Хын Мин
Бернарду Силва
Марко Ройс
Бакари Коне
Жером Ротен
Дадо Пршо
Матьё Вальбуэна
Лорик Цана
Андре Айю
Даниэль Ван Бюйтен
Антони Марсьяль
Хамес Родригес
Жереми Тулалан
Брандао
Габриэль Хайнце
Рикарду Карвалью
Тома Лемар
Тьемуэ Бакайоко
Джибриль Сиссе
Самир Насри
Юрген Клинсман
Матьё Фламини
Бакари Сако
Эдуар Сиссе
Юрий Джоркаефф
Людовик Жюли
Дидье Дрогба
Жаирзиньо
Мевлют Эрдинч
Фернандо Морьентес
 
Answer Stats
Answer % Correct
Фабьен Бартез
60%
Дидье Дрогба
60%
Жан-Пьер Папен
40%
Марсель Десайи
40%
Абеди Пеле
40%
Эрик Кантона
40%
Ален Бокшич
40%
Франк Рибери
40%
Бенжамен Менди
40%
Бенжамен Павар
20%
Дидье Дешам
20%
Джордж Веа
20%
Кристоф Дюгарри
20%
Адиль Рами
20%
Стив Манданда
20%
Крис Уоддл
20%
Джордан Айю
20%
Руди Фёллер
20%
Драган Стойкович
20%
Сулейман Дьявара
20%
Фабрицио Раванелли
20%
Жан Тигана
20%
Жан Джоркаефф
20%
Бенуа Шейру
20%
Матьё Вальбуэна
20%
Лорик Цана
20%
Андре Айю
20%
Даниэль Ван Бюйтен
20%
Джибриль Сиссе
20%
Самир Насри
20%
Эдуар Сиссе
20%
Тимоти Веа
0%
Энцо Франческоли
0%
Робер Пирес
0%
Лоран Блан
0%
Миши Батшуайи
0%
Джои Бартон
0%
Сесар Аспиликуэта
0%
Лоик Реми
0%
Андре-Пьер Жиньяк
0%
Вильям Галлас
0%
Фабио Челестини
0%
Хатем Бен Арфа
0%
Будевейн Зенден
0%
Бакари Коне
0%
Брандао
0%
Габриэль Хайнце
0%
Матьё Фламини
0%
Жаирзиньо
0%
Фернандо Морьентес
0%
No matching quizzes found
Score Distribution
Percent of People with Each Score
Percentile by Number Answered
Your Score History
You have not taken this quiz